000 00431 a2200169 4500
001 185789
020 _a85-200-0467-9
040 _cMagnum
100 _aMarx, Karl
240 1 0 _aO capital: crítica da economia política v.1
_lpor
245 1 0 _aO capital: crítica da economia política v.1
300 _a571
362 0 _a2003
440 1 _aCivilização Brasileira
697 _aECONOMIA E DISCIPLINAS AFINS
942 _cBK
999 _c185789
_d185789